| 000 | 00511nam a22001577a 4500 | ||
|---|---|---|---|
| 999 |
_c18616 _d18616 |
||
| 008 | 231214b ||||| |||| 00| 0 eng d | ||
| 020 | _a9798888361177 | ||
| 082 |
_22023 _aDC 778.96413 _bM781 |
||
| 100 |
_aMoore, Jerry. _950487 |
||
| 245 |
_aFood styling : _bthe art of presenting food / _cJerry Moore. |
||
| 260 |
_aNew York : _bLarsen and Keller, _c©2023. |
||
| 300 |
_avii, 230 pages : _bcolor illustrations ; _c27 cm. |
||
| 500 | _aIncludes index. | ||
| 650 |
_aPhotography of food. _950633 |
||
| 942 |
_2ddc _cDC |
||